000 00342 a2200157 4500
001 188592
020 _a978-85-89030-93-8
040 _cMagnum
100 _aPétigny, Aline de
240 1 0 _aCamila e seus amigos
_lpor
245 1 0 _aCamila e seus amigos
300 _a18
362 0 _a2006
697 _aLITERATURA INFANTIL
942 _cBK
999 _c188592
_d188592